Statistiques concernant RL Top 20 Player 2021

Cliquez ici pour prendre le quiz!

Statistiques générales

  • Ce quiz a été pris 11 fois
  • Le résultat moyen est 7 sur 20

Statistiques - réponses

Top #CountryPlayer% Correct
1FranceM0nkey M00n
88%
4FranceExtra
63%
2USAjstn.
63%
19USAAtomic
50%
16USAChicago
50%
18CanadaJKnaps
50%
6SpainMaRc_By_8
50%
9CanadaSquishyMuffinz
50%
10FranceSeikoo
38%
11FranceAlpha54
25%
14EnglandApparentlyJack
25%
3USAFirstkiller
25%
8NetherlandsJoreuz
25%
13USAmist
25%
20ChileReysbull
25%
5USAGarrettG
13%
17USASypical
13%
7Englandarchie
0%
12USAAYYJAYY
0%
15ArgentinaShad
0%

Distribution des résultats

Percentile par nombre de réponses

% des personnes avec chaque résultat

Votre développement - résultats

Vous n’avez pas pris ce quiz